000 00473nab a2200145Ia 4500
003 ES-SlBCS
005 20210601142551.0
008 140529s2001 xxu||||| |||| 00| 0 spa d
041 _aspa
100 1 _aSt George-Hyslop, P.
_9272903
245 0 0 _aComponentes de la enfermedad de Alzheimer
_c P. St George-Hyslop
650 0 4 _aMedicina
_914377
773 0 _tInvestigacion y Ciencia (Traducción de: Scientific American)
_gnº. 293, 2001, págs. 50-57
_wRev1650
942 _cAR
999 _c678846
_d678846